Máy tính và bộ não

Cuốn sách này tiêu biểu cho cách nhìn của một trong những nhà toán học vĩ đại nhất thế kỷ 20 về những điểm tương đồng về máy tính và bộ não con người. Tác giả kết luận rằng, bộ não thao tác một phần theo phương pháp số, một phần t...

全面介绍

Đã lưu trong:
书目详细资料
主要作者: Von Neumann, John
格式: 图书
语言:Undetermined
出版: Hà Nội Tri Thức 2009
主题:
标签: 添加标签
没有标签, 成为第一个标记此记录!
Thư viện lưu trữ: Trung tâm Học liệu Trường Đại học Cần Thơ
LEADER 01204nam a2200205Ia 4500
001 CTU_147927
008 210402s9999 xx 000 0 und d
020 |c 28000 
082 |a 005.3 
082 |b V945 
100 |a Von Neumann, John 
245 0 |a Máy tính và bộ não 
245 0 |c John Von Neumann ; Hà Dương Tường ( dịch ) 
260 |a Hà Nội 
260 |b Tri Thức 
260 |c 2009 
520 |a Cuốn sách này tiêu biểu cho cách nhìn của một trong những nhà toán học vĩ đại nhất thế kỷ 20 về những điểm tương đồng về máy tính và bộ não con người. Tác giả kết luận rằng, bộ não thao tác một phần theo phương pháp số, một phần theo phương pháp tương tự, nhưng sử dụng một phương pháp thống kê đặc biệt khác với ngôn ngữ dùng trong các máy tính nhân tạo. 
650 |a Computers,Cybernetics,Nervous system,Máy tính,Điều khiển học,Hệ thần kinh 
904 |i Qhieu 
980 |a Trung tâm Học liệu Trường Đại học Cần Thơ